[Event "Mexico City Independence Cup 11th"]
[Site "Mexico City"]
[Date "2022.09.17"]
[Round "6"]
[White "Martha Palafox, Jaime Lionel"]
[Black "Gongora Montes, Benjamin"]
[Result "0-1"]
[WhiteElo "1942"]
[BlackElo "2161"]
[PlyCount "38"]
[EventDate "2022.09.14"]
[EventType "tourn"]
[EventRounds "7"]
[EventCountry "MEX"]
[SourceTitle "CBM 210 Extra"]
[Source "ChessBase"]
[SourceDate "2022.11.30"]
[SourceVersion "1"]
[SourceVersionDate "2022.11.30"]
[SourceQuality "1"]

1. Nf3 Nc6 2. b3 e5 3. Bb2 e4 4. Ne5 Nf6 5. g3 Bc5 6. d4 Bb4+ 7. c3 Be7 8. Bg2 d5 9. Nxc6 bxc6 10. 0-0 h5 11. Ba3 h4 12. f3 hxg3 13. hxg3 Bxa3 14. Nxa3 Qd6 15. Nc2 Qxg3 16. Qe1 Qh2+ 17. Kf2 Bh3 18. Ne3 Bxg2 19. Nxg2 e3+ 0-1

[Event "MEX-ch Nat & Int 48th"]
[Site "Hermosillo"]
[Date "2002.03.31"]
[Round "9"]
[White "Martha Palafox, Jaime Lionel"]
[Black "Contreras Torres, Ramon"]
[Result "0-1"]
[WhiteElo "2196"]
[BlackElo "2068"]
[PlyCount "124"]
[EventDate "2002.03.26"]
[EventType "swiss"]
[EventRounds "9"]
[EventCountry "MEX"]
[SourceTitle "EXT 2003"]
[Source "ChessBase"]
[SourceDate "2002.11.25"]
[SourceVersion "1"]
[SourceVersionDate "2002.11.25"]
[SourceQuality "1"]

1. a3 Nf6 2. Nf3 d6 3. d4 g6 4. g3 Bg7 5. Bg2 0-0 6. 0-0 Nbd7 7. c3 c6 8. Nbd2 e5 9. dxe5 Nxe5 10. Nxe5 dxe5 11. Nc4 Qc7 12. Qd6 Qxd6 13. Nxd6 Rd8 14. Nc4 Ne8 15. Bg5 f6 16. Be3 Be6 17. Na5 Rdb8 18. Rfd1 Bf8 19. c4 Nd6 20. Rac1 Nf5 21. Bh3 Kf7 22. Bxf5 Bxf5 23. c5 Be6 24. f3 Bd5 25. Bf2 Be7 26. e4 Be6 27. b4 Bd8 28. Nc4 Bxc4 29. Rxc4 Ke6 30. a4 Be7 31. b5 Rd8 32. Rb1 Rd3 33. Kg2 Rd2 34. a5 Ra2 35. a6 bxa6 36. b6 axb6 37. cxb6 c5 38. b7 Rb8 39. Kg1 Ra5 40. Rb6+ Kd7 41. Rc1 Rb5 42. Rxa6 R8xb7 43. Rc2 Rc7 44. Rd2+ Ke8 45. f4 c4 46. Raa2 c3 47. Re2 Rb3 48. Rac2 Ba3 49. fxe5 fxe5 50. g4 Bc5 51. Bxc5 Rxc5 52. Kf2 Kd7 53. h4 Kc6 54. h5 gxh5 55. g5 Kb5 56. Kg3 Kc4 57. Kh4 Kd3 58. Kxh5 Rcb5 59. Kh6 Rb2 60. Rxc3+ Kxc3 61. Re3+ Kd4 62. Rh3 Rb7 0-1